Alle Torschützen für den 1.FSV Mainz 05 25/26 - Statistiken

Allgemein
  • Dieses Quiz wurde 5 mal gespielt
  • Das Durchschnittsergebnis liegt bei 9 aus 14
Antwortstatistiken
Tore Name % Korrekt
12 Nadiem Amiri
100%
4 Jae-Sung Lee
80%
1 Kaishu Sano
80%
5 Phillip Tietz
80%
2 Silvan Widmer
80%
2 Danny da Costa
60%
1 Kacper Potulski
60%
5 Paul Nebel
60%
1 Phillipp Mwene
60%
1 Silas
60%
2 Armindo Sieb
40%
1 Benedict Hollerbach
40%
3 Sheraldo Becker
40%
2 Stefan Bell
40%
Keine übereinstimmenden Quizze gefunden
Verteilung der Resultate
Anzahl Personen mit jedem Resultat
Perzentil nach korrekt beantworteten Fragen
Ihre Resultats-Entwicklung
Sie haben dieses Quiz noch nicht gespielt